| 000 | 01169nam a2200325 a 4500 | ||
|---|---|---|---|
| 001 | 000110310 | ||
| 003 | CHAP | ||
| 005 | 20220329144126.0 | ||
| 008 | 140813s2006 mx a |r| |||||||spa d | ||
| 010 | _a106772 | ||
| 011 | _a107744 | ||
| 020 | _a9707530650 | ||
| 040 | _cCHAP | ||
| 082 | 0 | 4 |
_a328.272 _bC75 |
| 245 | 0 | 0 |
_aConsideraciones para legislar en materia de consulta indígena : _bmemoria de un seminario / _cpor Comisión Nacional para el Desarrollo de los Pueblos Indigenas. |
| 260 |
_aMéxico : _bComisión Nacional para el Desarrollo de los Pueblos Indigenas, _c2006. |
||
| 300 |
_a303 p. : _bil. |
||
| 590 |
_aE6096MTM _b05 _c20140813 _lUCH01 _h1434 |
||
| 590 |
_aE6096MTM _b05 _c20140813 _lUCH01 _h1434 |
||
| 590 |
_aE6096MTM _b05 _c20140813 _lUCH01 _h1434 |
||
| 590 |
_aE6096MTM _b05 _c20140813 _lUCH01 _h1435 |
||
| 650 | 1 | 4 |
_aConferencias y reuniones. _926637 |
| 650 | 1 | 4 |
_aIndios de México _xLeyes. _957632 |
| 650 | 1 | 4 |
_aJusticia _xAdministración _zMéxico. _962546 |
| 650 | 1 | 4 |
_aLegislación administrativa. _965652 |
| 710 | 0 |
_aComisión Nacional para el Desarrollo de los Pueblos Indígenas _925822 |
|
| 901 | _aBK | ||
| 942 | _cLIBRO | ||
| 942 | _n0 | ||
| 999 |
_c106772 _d106772 |
||